000
00341nam a2200145Ia 4500
008
150201s2002 xx 000 0 und d
082
_a
612.015
_b
M2002B
100
_a
BHARGAVAN ,N.V.
245
_a
MEDICAL BIOCHEMISTRY
250
_a
4TH
260
_b
ELSEVIER
_a
DELHI
_c
2002
300
_a
1-1016
650
_a
BIOCHEMISTRY
942
_2
ddc
_c
BK
999
_c
3414
_d
3414